00667nam a2200157 a 450000100100000000500170001000800410002702000140006804000250008224501430010726000720025030000330032250000320035595201050038799900170049200004205720201002035919.0131112s1986 sp ad 000 0 spa d a84006674X aDO-SdBNPbspacBNPHU10aProceedings of the 1986 International Congress on Renewable Energy Sources :bproceedings of the 1986, 18-23 may, 1986 /ceditor S. Terol. aMadrid :bConsejo Superior de Investigaciones Científicas,c1986. av. :bil., gráf. ;c25 cm. aLa biblioteca posee el v. 2 001050718MOaGRbGRcCTd2014-03-03iLF1l0o p42057-10r2020-06-25w2020-06-25y1ZNo se presta c41546d41546